A tánc hatása az egyénre és a közösségekre, valamint terápiás módszerei
| Main Author: | |
|---|---|
| Other Authors: | |
| Format: | Thesis |
| Kulcsszavak: | közösség tánc táncterápia testélmény testkép |
| Online Access: | http://dolgozattar.uni-bge.hu/60146 |
MARC
| LEADER | 00000nta a2200000 i 4500 | ||
|---|---|---|---|
| 001 | dolg60146 | ||
| 005 | 20260409150041.0 | ||
| 008 | 260409suuuu hu om 000 hun d | ||
| 040 | |a BGE Dolgozattár Repozitórium |b hun | ||
| 041 | |a hu | ||
| 100 | 1 | |a Lutár Emese | |
| 245 | 1 | 2 | |a A tánc hatása az egyénre és a közösségekre, valamint terápiás módszerei |c Lutár Emese |h [elektronikus dokumentum] |
| 520 | 3 | |a A modern társadalomban egyre nagyobb teret hódít a tánc, amely immár nem csak egy művészi önkifejezési forma, de a terápiában való alkalmazása is releváns.A kutatásomat a tánc közösségépítő hatása köré építem fel, ahol arra keresem a választ, hogy milyen hatása van a táncnak a közösségekre és azoknak minőségére, mélységére. A táncosok testképének és testélményének a vizsgálata is fókuszba kerül a kutatásomban. Előfordul, hogy a szubjektív testélmény - önmagunk belső megélése - eltér attól a képtől, amit kívülről láthatunk, a tükörben érzékelünk.Kutatásom során különös figyelmet fordítok arra, hogy hogyan befolyásolják ezeket az élményeket külső tényezők, mint a közösségi táncban való részvétel vagy mások aktív, figyelő tekintete. Vajon milyen módon és mértékben fejleszthető a képesség, hogy tánc közben a szubjektív testélményünket ne befolyásolja zavaró módon a külvilág?A táncterápia többek között ebben segíthet, amely egy átjáró csatornaként szolgálhat a testkép és testélmény között. | |
| 695 | |a közösség | ||
| 695 | |a tánc | ||
| 695 | |a táncterápia | ||
| 695 | |a testélmény | ||
| 695 | |a testkép | ||
| 700 | 1 | |a Szokács Dr. Kinga |e ths | |
| 856 | 4 | 0 | |u http://dolgozattar.uni-bge.hu/60146/1/Lut%C3%A1r_Emese_Szakdolgozat.pdf |z Dokumentum-elérés |
| 856 | 4 | 0 | |u http://dolgozattar.uni-bge.hu/60146/2/Luta%CC%81rEmese%20_KeszeiBarbara.pdf |z Dokumentum-elérés |
| 856 | 4 | 0 | |u http://dolgozattar.uni-bge.hu/60146/3/Lut%C3%A1r_Emese_KSZ_szok%C3%A1cskinga.pdf |z Dokumentum-elérés |